Tactical Wireshark A Deep Dive into Intrusion Analysis, Malware Incidents, and Extraction of Forensic Evidence / (Record no. 612106)
[ view plain ]
| 000 -LEADER | |
|---|---|
| fixed length control field | 00464nam a22001337a 4500 |
| 020 ## - INTERNATIONAL STANDARD BOOK NUMBER | |
| International Standard Book Number | 9781484292907 |
| 082 ## - DEWEY DECIMAL CLASSIFICATION NUMBER | |
| Classification number | 280 SCB |
| 100 ## - MAIN ENTRY--PERSONAL NAME | |
| Personal name | Cardwell, Kevin |
| 245 ## - TITLE STATEMENT | |
| Title | Tactical Wireshark A Deep Dive into Intrusion Analysis, Malware Incidents, and Extraction of Forensic Evidence / |
| Statement of responsibility, etc. | Kevin Cardwell |
| 260 ## - PUBLICATION, DISTRIBUTION, ETC. | |
| Place of publication, distribution, etc. | New York : |
| Name of publisher, distributor, etc. | Apress Media, |
| Date of publication, distribution, etc. | 2023. |
| 300 ## - PHYSICAL DESCRIPTION | |
| Extent | 445 p. ; |
| 856 ## - Uniform Resource Identifier | |
| Uniform Resource Identifier | <a href="http://10.250.8.41:8080/xmlui/handle/123456789/47280">http://10.250.8.41:8080/xmlui/handle/123456789/47280</a> |
| 942 ## - ADDED ENTRY ELEMENTS (KOHA) | |
| Source of classification or shelving scheme | |
| Koha item type | Book |
| Withdrawn status | Lost status | Source of classification or shelving scheme | Damaged status | Not for loan | Permanent Location | Current Location | Date acquired | Total Checkouts | Full call number | Barcode | Date last seen | Price effective from | Koha item type |
|---|---|---|---|---|---|---|---|---|---|---|---|---|---|
| Central Library (CL) | Central Library (CL) | 10/21/2024 | 280 SCB | 9781484292907 | 10/21/2024 | 10/21/2024 | Book |
